Hodnotenie dlhodobých záruk v poistnom sektore SR

Na základe požiadavky Európskej komisie prebiehalo v prvej polovici roka 2013 v členských štátoch Európskej únie testovanie vplyvu navrhovaných zmien v regulácii poistného sektora najmä na produkty s dlhodobou zárukou a tiež na anuitné produkty neživotného poistenia. Dopadová štúdia pozostávala z dv...

Descripción completa

Guardado en:
Detalles Bibliográficos
Autor principal: Gondová, Andrea
Otros Autores: Kardošová, Zuzana
Formato: Capítulo de libro
Lenguaje:eslovaco
Materias:
Etiquetas: Agregar Etiqueta
Sin Etiquetas, Sea el primero en etiquetar este registro!

MARC

LEADER 00000naa a2200000 4500
001 0176576
005 20231116095311.8
041 0 |a slo 
044 |a SK 
245 1 0 |a Hodnotenie dlhodobých záruk v poistnom sektore SR  |c Andrea Gondová, Zuzana Kardošová 
520 |a Na základe požiadavky Európskej komisie prebiehalo v prvej polovici roka 2013 v členských štátoch Európskej únie testovanie vplyvu navrhovaných zmien v regulácii poistného sektora najmä na produkty s dlhodobou zárukou a tiež na anuitné produkty neživotného poistenia. Dopadová štúdia pozostávala z dvoch častí, z kvantitatívneho výpočtu kapitálovej požiadavky na solventnosť poisťovní a kvalitatívneho dotazníka týkajúceho sa navrhovaných zmien v regulácii. V rámci výpočtu bolo potrebné vypočítať technické rezervy s použitím 13 rôznych scenárov. Výsledky jednotlivých zúčastených poisťovní boli zaslané národným dohliadacim inštitúciám a po kontrole údajov na národnej úrovni boli spracované závery za celú Európsku úniu v EIOPA. 
610 2 0 |a Európska komisia 
610 2 0 |a Európska únia 
610 2 0 |a smernice 
610 2 0 |a záruka 
610 2 0 |a poisťovníctvo 
610 2 0 |a poisťovne 
100 1 |a Gondová, Andrea 
700 1 |a Kardošová, Zuzana